Responses for Show #4451 - Monday, January 5, 2004

Tom Walsh game 1.

Contestants

[<< previous game]

Tom Walsh, a writer from Washington, D.C.

Naomi Brokaw, a math advisor from Santa Cruz, California

Joe Wolke, a vice president of IT communications and information from Northbrook, Illinois (whose 1-day cash winnings total $14,800)

[next game >>]

Jeopardy! Round responses

COME HERE OFTEN?
(Alex: This round has categories that have been designed especially for "Single Jeopardy!")
CAN I BUY YOU A DRINK?
DO I KNOW YOU FROM SOMEWHERE?
WHAT'S YOUR SINE?
WOULD YOU LIKE TO BE IN THE MOVIES?
ARE YOU GIVING ME A LINE?
    $200 17
(Joe: What is Australia?)

Antarctica

JoeTom
    $200 1
orange juice

Naomi
    $200 3
Robert Burns

Joe
    $200 2
(Joe: What is a triangle & angles?)
(Alex: It's just for triangle, not angle; triangle & "measure".)

triangle

Joe
    $200 12
Mary Pickford

Naomi
    $200 24
(Alex: With a minute to go now.)

fault line

Joe
    $400 18
(Joe: What is the Echo Range?)
(Naomi: What are the Cascades?)

the Rockies

JoeNaomi
Triple Stumper
    $400 4
blender

Joe
    $400 8
Mahmoud Abbas

Tom
    $400 6
tides

Naomi
    $400 13
Charlize Theron

Triple Stumper
    $400 27
the Hot Line

Joe
    $600 19
the Highlands

Tom
    $600 5
club soda

Naomi
    $600 9
Michael Dell

Joe
    $600 7
Euclid

Joe
    $600 14
Carlo Ponti

Joe
    $600 25
picket lines

Tom
    $800 20
Ireland

Tom
    $800 10
lime'lemon juice

Naomi
    $800 22
Rene Descartes

Tom
    $800 29
[The end-of-round signal sounds.]

sphere

Tom
    $800 15
Mary Steenburgen

Triple Stumper
    $800 26
the foul line (in bowling)

Naomi
    $1000 21
Tierra del Fuego

Tom
    $1000 11
Dirty Martini

Triple Stumper
    $1000 23
Conde Nast

Triple Stumper
    $600 16
(Joe: I know the name...)
(Alex: Beautiful, great shape, bathing suit.)

Esther Williams

Joe
    $1000 28
Distant Early Warning (DEW) Line

Triple Stumper

Scores at the first commercial break (after clue 16):

Joe Naomi Tom
$2,000 $2,200 $400

Scores at the end of the Jeopardy! Round:

Joe Naomi Tom
$2,000 $2,600 $5,200

Double Jeopardy! Round responses

OCEANOGRAPHY
"WILD" ABOUT ENTERTAINMENT
MR. & MYTH
TECH TV
NAVAL BATTLES
FIRST NAME'S THE SAME
    $400 17
fathom

Joe
    $400 1
Wild Kingdom

Naomi
    $400 15
Mount Olympus

Naomi
    $400 20
vacuum

Tom
    $400 11
the Monitor & the Merrimac

Tom
    $400 5
Van

Tom
    $800 18
it gets colder

Tom
    $800 2
"Wild Thing"

Tom
    $800 16
an ark

Joe
    $800 21
Anime

Naomi
    $800 12
Trafalgar

Triple Stumper
    $800 7
Elvis

Tom
    $1200 26
waves

Tom
    $1200 3
Where the Wild Things Are

Tom
    $1200 22
Aeneas

Tom
    $1200 25
(Alex: Minute to go now.)

grades

Joe
    $2,000 13
(Tom: [No response])

the Spanish Armada

Tom
    $1200 8
Omar

Tom
    $1600 29
[The end-of-round signal sounds.]

SONAR (or echosounders)

Tom
    $1600 4
Call of the Wild

Joe
    $1,500 23
(Tom: Who is Achilles?)

Hercules

Tom
    $1600 27
F-15 (the Eagle)

Triple Stumper
    $1600 14
Athens

Naomi
    $1600 9
(Tom: What is Jimmy?)

Herschel

Tom
Triple Stumper
    $2000 6
Wild Strawberries

Triple Stumper
    $2000 24
Thebes

Tom
    $2000 28
Napster

Tom
    $2000 19
Midway

Joe
    $2000 10
Vladimir

Tom

Scores at the end of the Double Jeopardy! Round:

Joe Naomi Tom
$8,000 $5,800 $16,100
(lock game)

[wagering suggestions for these scores]

Final Jeopardy! Round responses

INVENTIONS
(Alex: Well, let's see if our three contestants were on the "cutting edge" for this clue!)
NaomiWhat is electricity?
$5,700
JoeWhat is electricity
$4,000
TomWhat is the guillotine? (Ouch!)
$0
the guillotine

Final scores:

Joe Naomi Tom
$4,000 $100 $16,100
2nd place: $2,000 3rd place: $1,000 New champion: $16,100

Game dynamics:

Coryat scores:

Joe Naomi Tom
$8,600 $5,800 $19,600
13 R,
3 W
(including 1 DD)
10 R,
1 W
22 R,
3 W
(including 2 DDs)

Combined Coryat: $34,000

[game clues] [game scores] [suggest correction]

Game tape date: 2003-10-29
The J! Archive is created by fans, for fans. Scraping, republication, monetization, and malicious use prohibited; this site may use cookies and collect identifying information. See terms. The Jeopardy! game show and all elements thereof, including but not limited to copyright and trademark thereto, are the property of Jeopardy Productions, Inc. and are protected under law. This website is not affiliated with, sponsored by, or operated by Jeopardy Productions, Inc. Join the discussion at JBoard.tv.